[Event "Chefchaouen op 20th"]
[Site "Chefchaouen"]
[Date "2024.01.23"]
[Round "4"]
[White "Cherigui, Mourad"]
[Black "Arrami, Mohamed"]
[Result "1/2-1/2"]
[WhiteElo "1884"]
[BlackElo "2109"]
[PlyCount "40"]
[EventDate "2024.01.21"]
[EventType "swiss"]
[EventRounds "7"]
[EventCountry "MAR"]
[SourceTitle "EXT 2025"]
[Source "ChessBase"]
[SourceDate "2024.10.14"]
[SourceVersion "1"]
[SourceVersionDate "2024.10.14"]
[SourceQuality "1"]

1. e4 d5 2. exd5 Qxd5 3. Nc3 Qa5 4. a4 Nf6 5. Nf3 Bg4 6. h3 Bh5 7. Bb5+ c6 8. Be2 Nbd7 9. 0-0 0-0-0 10. d4 Bxf3 11. Bxf3 e5 12. dxe5 Nxe5 13. Qe2 Bd6 14. Bf4 h6 15. Bxe5 Bxe5 16. Qc4 Bxc3 17. Qxc3 Qb6 18. Rab1 Rd7 19. Rfe1 Re8 20. Red1 Ree7 1/2-1/2

[Event "Chefchaouen op 18th"]
[Site "Chefchaouen"]
[Date "2019.07.15"]
[Round "1"]
[White "Korneev, Oleg"]
[Black "Cherigui, Mourad"]
[Result "1-0"]
[WhiteElo "2523"]
[BlackElo "1873"]
[PlyCount "47"]
[EventDate "2019.07.15"]
[EventType "swiss"]
[EventRounds "9"]
[EventCountry "MAR"]
[SourceTitle "CBM 191 Extra"]
[Source "ChessBase"]
[SourceDate "2019.09.30"]
[SourceVersion "1"]
[SourceVersionDate "2019.09.30"]
[SourceQuality "1"]

1. e4 d5 2. exd5 Qxd5 3. Nc3 Qa5 4. d4 c6 5. Nf3 Nf6 6. Bd2 Qd8 7. Bc4 e6 8. Qe2 Be7 9. 0-0-0 a5 10. Kb1 a4 11. Ne4 b5 12. Nxf6+ gxf6 13. Bd3 b4 14. Bc1 Na6 15. d5 exd5 16. Nd4 Qd6 17. Rhe1 Nc5 18. Bf4 Qd7 19. Bf5 Qb7 20. Bd6 Ne6 21. Bxe6 fxe6 22. Nxe6 Bxe6 23. Qxe6 Ra7 24. Bxe7 1-0

[Event "Gibraltar Amateur op-B"]
[Site "Caleta"]
[Date "2018.01.29"]
[Round "3"]
[White "Cherigui, Mourad"]
[Black "Lopez Diaz, Rafael"]
[Result "1-0"]
[WhiteElo "1892"]
[BlackElo "1687"]
[PlyCount "92"]
[EventDate "2018.01.27"]
[EventType "swiss"]
[EventRounds "5"]
[EventCountry "GGB"]
[SourceTitle "EXT 2019"]
[Source "ChessBase"]
[SourceDate "2018.10.10"]
[SourceVersion "1"]
[SourceVersionDate "2018.10.10"]
[SourceQuality "1"]

1. e4 e5 2. Nc3 Nf6 3. f4 d5 4. fxe5 Nxe4 5. Nf3 Nxc3 6. dxc3 Be7 7. Bf4 Bg4 8. Be2 Bxf3 9. Bxf3 c6 10. Qd2 0-0 11. 0-0 Nd7 12. Kh1 Re8 13. Rad1 Nf8 14. Bg4 Ne6 15. Be3 Qc7 16. Qf2 Bf8 17. Qg3 g6 18. c4 dxc4 19. Bd2 Bg7 20. Bc3 Rad8 21. Rxd8 Rxd8 22. Bxe6 fxe6 23. Qg4 Re8 24. Re1 b5 25. a4 a6 26. b3 cxb3 27. cxb3 Qe7 28. axb5 axb5 29. b4 Rd8 30. Qe4 Rd5 31. Ra1 Qd8 32. Qg4 Qe8 33. Qe4 Qd8 34. Qe2 h5 35. h3 Qg5 36. Re1 Qg3 37. Rc1 Rd3 38. Ba1 Bh6 39. Rf1 Kg7 40. Qe4 Rd5 41. Bd4 Bg5 42. Bc5 Qh4 43. Qf3 Rd7 44. Qf8+ Kh7 45. Qe8 Rg7 46. Bf8 Qc4 1-0

[Event "Gibraltar Masters 16th"]
[Site "Caleta"]
[Date "2018.01.24"]
[Round "8"]
[White "Lercel, Michal"]
[Black "Cherigui, Mourad"]
[Result "1-0"]
[WhiteElo "2252"]
[BlackElo "1892"]
[PlyCount "109"]
[EventDate "2018.01.23"]
[EventType "swiss"]
[EventRounds "10"]
[EventCountry "GGB"]
[SourceTitle "CBM 183"]
[Source "ChessBase"]
[SourceDate "2018.03.14"]
[SourceVersion "1"]
[SourceVersionDate "2018.03.14"]
[SourceQuality "1"]

1. Nf3 c6 2. c4 Nf6 3. g3 g6 4. b4 Bg7 5. Bb2 0-0 6. Bg2 d5 7. cxd5 Nxd5 8. Bxg7 Kxg7 9. Qb3 Qb6 10. a3 a5 11. Qb2+ Kg8 12. e4 Nf6 13. Nc3 axb4 14. 0-0 Nbd7 15. Qxb4 e5 16. Qxb6 Nxb6 17. Nxe5 Rd8 18. Rfb1 Na4 19. Nxa4 Rxa4 20. Rb4 Rd4 21. Rxa4 Rxa4 22. d3 Be6 23. f4 Ne8 24. Bf3 Bb3 25. Nd7 Ra7 26. Nc5 Be6 27. Rb1 Nd6 28. a4 Bc8 29. g4 Ne8 30. Rb4 Nc7 31. f5 Kf8 32. Kf2 Ke7 33. Bd1 h5 34. h3 hxg4 35. hxg4 gxf5 36. gxf5 f6 37. d4 Ne8 38. Kf3 Nd6 39. Be2 Kd8 40. Kf4 Kc7 41. Bg4 b6 42. Nb3 Nf7 43. Bh5 Nd8 44. Be8 Ba6 45. e5 Rb7 46. Ke3 Bf1 47. exf6 Kd6 48. Nd2 Ba6 49. Ne4+ Kd5 50. Rxb6 Rxb6 51. f7 Rb3+ 52. Kf4 Nxf7 53. Bxf7+ Kxd4 54. Bxb3 Bd3 55. f6 1-0

[Event "Gibraltar Masters 16th"]
[Site "Caleta"]
[Date "2018.01.23"]
[Round "1"]
[White "Cherigui, Mourad"]
[Black "Raja, Harshit"]
[Result "1/2-1/2"]
[WhiteElo "1892"]
[BlackElo "2427"]
[PlyCount "50"]
[EventDate "2018.01.23"]
[EventType "swiss"]
[EventRounds "10"]
[EventCountry "GGB"]
[SourceTitle "CBM 183"]
[Source "ChessBase"]
[SourceDate "2018.03.14"]
[SourceVersion "1"]
[SourceVersionDate "2018.03.14"]
[SourceQuality "1"]

1. e4 c5 2. Nf3 d6 3. d4 cxd4 4. Qxd4 Nc6 5. Bb5 Bd7 6. Bxc6 Bxc6 7. Nc3 Nf6 8. Bg5 e6 9. 0-0-0 Be7 10. Kb1 0-0 11. Rhe1 Qa5 12. Qd2 Qc5 13. Nd4 Rfd8 14. f3 Rac8 15. g4 Qc4 16. Nce2 Qa6 17. Ng3 h6 18. Be3 Nd7 19. Bxh6 gxh6 20. Qxh6 Qa5 21. Nxe6 fxe6 22. Qg6+ Kf8 23. Qh6+ Kg8 24. Qg6+ Kf8 25. Qh6+ Kg8 1/2-1/2